| 000 | 004670000a22001570004500 | ||
|---|---|---|---|
| 003 | MACL | ||
| 005 | 20180215124040.0 | ||
| 008 | 180215b xxu||||| |||| 00| 0 eng d | ||
| 040 | _cMACL | ||
| 100 |
_aचंद्रसेन _94618 |
||
| 245 | _aवायू और जीवन | ||
| 260 |
_bबाल साहित्य _c2007 _aदिल्ली |
||
| 350 | _a30 | ||
| 650 |
_aबाल साहित्य _955186 |
||
| 942 |
_cHIN _k741.642 _2ddc |
||
| 999 |
_c10785 _d10785 |
||